000 00492nam a2200157Ia 4500
008 151213s9999 xx 000 0 und d
082 _a657.98
_b657.98
100 _aSumariwalla, R.D. & Levis, W.C.
245 _aUnified Financial reporting system for not-for profit organization
_cSumariwalla, R.D. & Levis, W.C.
260 _aSan Francisco
_bJossey Bass
_c2000
300 _a1785 p.
650 _aFinance
650 _aFinance
700 _aSumariwalla, R.D. & Levis, W.C.
999 _c1311
_d1311